01429naa a2200241 i 4500001000400000003000400004005001700008008003900025040000800064080001300072080001400085100011300099245009700212260001000309500002100319520050500340650001300845650001300858650001900871655003000890773019300920711007401113BPPBPK20180124124121.0140610s2004 pl f |100 0  cBPK a635.1/.7 a631.563.9 aWACHOWICZ, Ewa.d1996 - .bPolitechnika Koszalińska - Wydział Mechaniczny,cKatedra Systemów Sterowania aModel procesów wymiany ciepła i masy w przechowalni warzyw korzeniowych /cEwa Wachowicz. c2004. aDane z autopsji. aW opracowaniu opisano na potrzeby automatyki matematyczny i komputerowy model procesów wymiany ciepła i masy występujących w przechowalni buraków. Dysponując modelem można przeprowadzić badania symulacyjne procesów z wykorzystaniem toolbox'a SIMULONK pakietu programowego MATLAB. Podczas badań można m.in. wyznaczyć przebiegi: temperatury buraków, zawartość wody w burakach, temperatury powietrza wewnątrz przechowalni oraz zawartość wody w powietrzu wewnętrznym. 0aMagazyn. 0aWarzywa. 0aTermodynamika. 0aMateriały konferencyjne. iW :tBudowa i eksploatacja maszyn przemysłu spożywczego BEMS 2004 : XI Konferencja Naukowo-Techniczna. -dKoszalin : Wydawnictwo Uczelniane Politechniki Koszaliäskiej, 2004. -gs. 137 aBEMS 2004n(11 ;d2004 ;cKoszalin - Darłówko, Polska).pBEMS 2004